The element method for elliptic problems

Sábháilte in:
Sonraí bibleagrafaíochta
Príomhchruthaitheoir: Ciarlet, Philippe G (Údar)
Formáid: LEABHAR
Teanga:Béarla
Foilsithe / Cruthaithe: Filadelfia Society for Industrial and Applied Mathematics 2002
Eagrán:1a. ed
Sraith:Classics in Applied Mathematics, 40
Ábhair:
Clibeanna: Cuir clib leis
Níl clibeanna ann, Bí ar an gcéad duine le clib a chur leis an taifead seo!

MARC

LEADER 00000cam a2200000 a 4500
001 UCE9254
003 CL-VaPUC
008 151016e20020000us |||||||||||||||||eng|d
020 |a 9780898715149 
082 0 4 |a 515.353  |b CIA  |2 21 
100 0 |a Ciarlet, Philippe G  |e author  |9 582027 
245 1 4 |a The element method for elliptic problems 
250 |a 1a. ed 
300 |a 530 p 
942 |c BK 
945 |d 20151016 11:49:00  |a cmena 
260 |a Filadelfia  |b Society for Industrial and Applied Mathematics  |c 2002 
650 7 |a ECUACIONES ELIPTICAS  |2 CL-VaPUC  |9 424132 
650 0 |a Ecuaciones diferenciales  |9 260083 
650 0 |a Método de elemento finito  |9 327601 
583 |a last modification  |c 20151016 11:49:00  |k Rodrigo Vera 
490 0 |a Classics in Applied Mathematics, 40 
999 |c 360924  |d 360922 
952 |0 0  |1 0  |3 erb  |4 0  |6 515_353000000000000_CIA_2002  |7 0  |8 A  |9 471204  |a BIBMAT  |b BIBMAT  |i 5243521  |o 515.353 CIA 2002  |p 5243521  |r 2025-01-07  |w 2019-11-24  |y BK  |z Catalogado en:20151016  |k MAT